00353nam a2200157Ia 4500003000900000005001700009008004100026040001300067040001300080041000800093100001800101100000900119245005300128300000800181490000600189IT-RoPAU20220918175548.0120407s9999 xx 000 0 und d aIT-RoPAU cIT-RoPAU aita aHenry Gabriel cs.j. aCon Cristo in Dio - Corso di esercizi spirituali c cm v1